Jocs del món : exposició : vine a jugar! exposició :
Descripción Física:
1 tríptic ; 21 cm
Materias:
Jocs -- Exposicions
MARC
| LEADER | 00000nam a2200000Ia 4500 | ||
|---|---|---|---|
| 001 | 24597 | ||
| 008 | 160829s9999 xx 000 0 cat d | ||
| 080 | |a FU-66-19 | ||
| 245 | |a Jocs del món : |b exposició : |b vine a jugar! | ||
| 260 | |a Barcelona : |b Diputació de Barcelona. Àrea de Benestar Social : |b Àrea d'Esports, [s.a.] | ||
| 300 | |a 1 tríptic ; |c 21 cm | ||
| 650 | |a Jocs |x Exposicions |9 49927 | ||
| 710 | 1 | |a Barcelona (Catalunya : Província). |b Àrea de Benestar Social |9 52988 | |
| 710 | |a Barcelona (Catalunya : Província). |b Àrea d'Esports |9 53827 | ||
| 901 | |a Arxiu | ||
| 942 | |n 1 | ||
| 952 | |0 0 |1 0 |4 0 |6 FU6619 |7 1 |9 55691 |a Arxiu |b Arxiu |d 2016-12-01 |l 0 |o FU-66-19 |p 24597 |r 2016-12-01 00:00:00 |w 2016-12-01 |y ARXIU | ||
| 999 | |c 59564 |d 59564 | ||